00463nam a2200085Ia 4500008004100000245003100041300023300072650000900305856006300314170517s9999 xx 000 0 und d aExit through the Gift Shop aThe story of how an eccentric French shop keeper and amateur film maker attempted to locate and befriend Banksy, only to have the artist turn the camera back on its owner. The film contains footage of Banksy, Shephard Fairey,... xArt. uhttp://topdocumentaryfilms.com/exit-through-the-gift-shop/